[Event "Deutsche Ländermeisterschaft 2014"]
[Site "Hannover GER"]
[Date "2014.10.06"]
[Round "6"]
[White "Gibicar, Danijel"]
[Black "Sawlin, Leonid"]
[Result "0-1"]
[Termination "normal"]
[Board "4.2"]
[WhiteElo "2164"]
[BlackElo "2143"]
[WhiteClock "00:30:23"]
[BlackClock "00:56:24"]
[WhiteTeam "Württemberg"]
[BlackTeam "Berlin"]
[PlyCount "86"]
[WhiteFideId "24660256"]
[BlackFideId "4689542"]
[EventCountry "GER"]
[EventRounds "7"]
[EventType "team-swiss"]
[EventDate "2014.10.02"]

1. d4 {[%clk 1:30:54]} e6 {[%clk 1:30:56]} 2. Nf3 {[%clk 1:31:09]} Nf6 {[%clk
1:31:18]} 3. e3 {[%clk 1:31:34]} d5 {[%clk 1:31:44]} 4. Bd3 {[%clk 1:31:39]} c5
{[%clk 1:31:56]} 5. b3 {[%clk 1:31:58]} Nc6 {[%clk 1:32:15]} 6. Bb2 {[%clk
1:30:35]} Be7 {[%clk 1:28:24]} 7. Nbd2 {[%clk 1:30:21]} O-O {[%clk 1:26:51]} 8.
O-O {[%clk 1:28:00]} b6 {[%clk 1:22:55]} 9. c4 {[%clk 1:26:58]} Bb7 {[%clk
1:21:15]} 10. Rc1 {[%clk 1:25:26]} Rc8 {[%clk 1:19:50]} 11. Qe2 {[%clk
1:22:44]} cxd4 {[%clk 1:10:22]} 12. exd4 {[%clk 1:21:27]} Qd6 {[%clk 1:02:55]}
13. Rfd1 {[%clk 1:05:31]} Rfd8 {[%clk 0:58:23]} 14. Nf1 {[%clk 0:42:33]} Qf4
{[%clk 0:48:52]} 15. g3 {[%clk 0:36:07]} Qg4 {[%clk 0:48:21]} 16. Ne3 {[%clk
0:33:52]} Qh5 {[%clk 0:46:32]} 17. Ne5 {[%clk 0:19:21]} Qxe2 {[%clk 0:40:37]}
18. Bxe2 {[%clk 0:19:45]} dxc4 {[%clk 0:40:53]} 19. Nxc6 {[%clk 0:18:45]} Bxc6
{[%clk 0:40:53]} 20. bxc4 {[%clk 0:18:33]} Ba4 {[%clk 0:40:32]} 21. Rd3 {[%clk
0:18:09]} b5 {[%clk 0:39:39]} 22. c5 {[%clk 0:14:35]} b4 {[%clk 0:38:51]} 23.
Nc4 {[%clk 0:13:39]} Nd5 {[%clk 0:31:50]} 24. Bf3 {[%clk 0:11:31]} Bg5 {[%clk
0:31:54]} 25. Ne3 {[%clk 0:08:50]} Bb5 {[%clk 0:26:40]} 26. Rb3 {[%clk
0:08:05]} Bxe3 {[%clk 0:26:19]} 27. fxe3 {[%clk 0:07:31]} a5 {[%clk 0:26:41]}
28. Bxd5 {[%clk 0:06:56]} exd5 {[%clk 0:27:07]} 29. Ba1 {[%clk 0:06:53]} Re8
{[%clk 0:27:24]} 30. Re1 {[%clk 0:05:07]} Re4 {[%clk 0:26:51]} 31. Rb2 {[%clk
0:03:44]} Rce8 {[%clk 0:26:22]} 32. Kf2 {[%clk 0:00:46]} Bc4 {[%clk 0:26:37]}
33. Rd2 {[%clk 0:00:45]} g5 {[%clk 0:25:55]} 34. Kf3 {[%clk 0:00:35]} g4+
{[%clk 0:25:58]} 35. Kf2 {[%clk 0:01:01]} R8e6 {[%clk 0:26:22]} 36. Bb2 {[%clk
0:00:38]} Bxa2 {[%clk 0:24:29]} 37. Ra1 {[%clk 0:00:58]} Bc4 {[%clk 0:24:42]}
38. Rxa5 {[%clk 0:01:07]} Rxe3 {[%clk 0:25:05]} 39. Ba1 {[%clk 0:00:51]} Rf3+
{[%clk 0:25:10]} 40. Kg2 {[%clk 0:01:04]} Bf1+ {[%clk 0:25:05]} 41. Kg1 {[%clk
0:00:31]} Bh3 {[%clk 0:25:26]} 42. Rd1 {[%clk 0:00:32]} Ref6 {[%clk 0:25:55]}
43. Ra8+ {[%clk 0:30:23]} Kg7 {[%clk 0:56:24]} 0-1

[Event "Deutsche Ländermeisterschaft 2014"]
[Site "Hannover GER"]
[Date "2014.10.06"]
[Round "6"]
[White "Schmidek, Emil"]
[Black "Höglauer, Patrick"]
[Result "1-0"]
[Termination "normal"]
[Board "4.3"]
[WhiteElo "2108"]
[BlackElo "2042"]
[WhiteClock "00:18:20"]
[BlackClock "00:42:36"]
[WhiteTeam "Berlin"]
[BlackTeam "Württemberg"]
[PlyCount "67"]
[WhiteFideId "12908150"]
[BlackFideId "1270548"]
[EventCountry "GER"]
[EventRounds "7"]
[EventType "team-swiss"]
[EventDate "2014.10.02"]

1. e4 {[%clk 1:30:57]} c5 {[%clk 1:30:49]} 2. Nf3 {[%clk 1:31:18]} a6 {[%clk
1:31:01]} 3. d4 {[%clk 1:30:46]} cxd4 {[%clk 1:31:23]} 4. Nxd4 {[%clk 1:30:59]}
Nf6 {[%clk 1:31:50]} 5. Nc3 {[%clk 1:30:19]} e5 {[%clk 1:32:14]} 6. Nf3 {[%clk
1:29:09]} Bb4 {[%clk 1:32:38]} 7. Bd2 {[%clk 1:25:40]} d6 {[%clk 1:31:13]} 8.
Bd3 {[%clk 1:25:51]} Bxc3 {[%clk 1:30:21]} 9. Bxc3 {[%clk 1:25:49]} Nc6 {[%clk
1:30:10]} 10. O-O {[%clk 1:25:24]} Bg4 {[%clk 1:30:04]} 11. h3 {[%clk 1:24:57]}
Bh5 {[%clk 1:30:12]} 12. Re1 {[%clk 1:23:48]} O-O {[%clk 1:29:47]} 13. b3
{[%clk 1:00:28]} Re8 {[%clk 1:27:13]} 14. Bb2 {[%clk 0:55:28]} Nd4 {[%clk
0:58:50]} 15. Bxd4 {[%clk 0:49:32]} exd4 {[%clk 0:58:07]} 16. Be2 {[%clk
0:48:13]} Rxe4 {[%clk 0:54:40]} 17. Nxd4 {[%clk 0:48:07]} Qb6 {[%clk 0:54:14]}
18. Nf5 {[%clk 0:41:07]} Rae8 {[%clk 0:51:12]} 19. Ng3 {[%clk 0:28:48]} Bxe2
{[%clk 0:50:26]} 20. Nxe4 {[%clk 0:27:59]} Bxd1 {[%clk 0:48:40]} 21. Nxf6+
{[%clk 0:28:27]} gxf6 {[%clk 0:48:57]} 22. Rxe8+ {[%clk 0:28:55]} Kg7 {[%clk
0:49:18]} 23. Rxd1 {[%clk 0:29:21]} Qc6 {[%clk 0:49:11]} 24. Re2 {[%clk
0:29:16]} d5 {[%clk 0:49:20]} 25. Rd3 {[%clk 0:27:38]} b5 {[%clk 0:48:13]} 26.
Red2 {[%clk 0:26:40]} h6 {[%clk 0:42:40]} 27. g3 {[%clk 0:21:26]} Kg6 {[%clk
0:42:24]} 28. Kh2 {[%clk 0:21:03]} f5 {[%clk 0:41:19]} 29. Rxd5 {[%clk
0:20:12]} Qc3 {[%clk 0:41:32]} 30. R5d3 {[%clk 0:18:35]} Qc5 {[%clk 0:41:30]}
31. Rd6+ {[%clk 0:18:19]} Kg5 {[%clk 0:41:52]} 32. f4+ {[%clk 0:17:33]} Kh5
{[%clk 0:42:13]} 33. g4+ {[%clk 0:17:56]} fxg4 {[%clk 0:42:36]} 34. R6d5+
{[%clk 0:18:20]} 1-0

[Event "Deutsche Ländermeisterschaft 2014"]
[Site "Hannover GER"]
[Date "2014.10.06"]
[Round "6"]
[White "Schmidt, Tobias"]
[Black "Greßmann, Moritz"]
[Result "1/2-1/2"]
[Termination "normal"]
[Board "4.4"]
[WhiteElo "2050"]
[BlackElo "1977"]
[WhiteClock "00:47:51"]
[BlackClock "00:13:51"]
[WhiteTeam "Württemberg"]
[BlackTeam "Berlin"]
[PlyCount "59"]
[WhiteFideId "1271683"]
[BlackFideId "24695084"]
[EventCountry "GER"]
[EventRounds "7"]
[EventType "team-swiss"]
[EventDate "2014.10.02"]

1. e4 {[%clk 1:30:58]} e5 {[%clk 1:30:54]} 2. Nf3 {[%clk 1:31:24]} Nc6 {[%clk
1:31:19]} 3. Bc4 {[%clk 1:31:53]} Bc5 {[%clk 1:31:41]} 4. c3 {[%clk 1:32:18]}
Nf6 {[%clk 1:32:04]} 5. d4 {[%clk 1:32:44]} exd4 {[%clk 1:32:26]} 6. e5 {[%clk
1:32:34]} d5 {[%clk 1:30:06]} 7. Bb5 {[%clk 1:32:59]} Ne4 {[%clk 1:30:23]} 8.
cxd4 {[%clk 1:33:26]} Bb4+ {[%clk 1:28:05]} 9. Bd2 {[%clk 1:33:34]} Nxd2 {[%clk
1:27:47]} 10. Bxc6+ {[%clk 1:33:58]} bxc6 {[%clk 1:28:05]} 11. Nbxd2 {[%clk
1:34:24]} O-O {[%clk 1:11:26]} 12. O-O {[%clk 1:31:02]} c5 {[%clk 1:08:27]} 13.
a3 {[%clk 1:30:39]} Bxd2 {[%clk 1:08:33]} 14. Qxd2 {[%clk 1:31:04]} c4 {[%clk
1:08:41]} 15. b3 {[%clk 1:30:31]} cxb3 {[%clk 0:59:51]} 16. Rfb1 {[%clk
1:30:52]} Rb8 {[%clk 0:49:49]} 17. Qc3 {[%clk 1:30:18]} Bf5 {[%clk 0:48:56]}
18. Rxb3 {[%clk 1:30:43]} Qe7 {[%clk 0:48:06]} 19. Rxb8 {[%clk 1:11:39]} Rxb8
{[%clk 0:48:33]} 20. Rc1 {[%clk 1:12:04]} h6 {[%clk 0:40:40]} 21. h3 {[%clk
1:10:00]} Rb6 {[%clk 0:35:05]} 22. Qa5 {[%clk 1:04:17]} Be4 {[%clk 0:31:44]}
23. Rc3 {[%clk 1:02:00]} a6 {[%clk 0:25:35]} 24. Nd2 {[%clk 0:50:40]} Qg5
{[%clk 0:18:15]} 25. Nxe4 {[%clk 0:50:50]} Rb1+ {[%clk 0:17:30]} 26. Kh2 {[%clk
0:50:57]} dxe4 {[%clk 0:17:19]} 27. Qxc7 {[%clk 0:46:28]} Qf4+ {[%clk 0:16:53]}
28. Rg3 {[%clk 0:46:55]} Qxf2 {[%clk 0:16:57]} 29. Rf3 {[%clk 0:47:25]} exf3
{[%clk 0:13:51]} 30. Qc8+ {[%clk 0:47:51]} 1/2-1/2

[Event "Deutsche Ländermeisterschaft 2014"]
[Site "Hannover GER"]
[Date "2014.10.06"]
[Round "6"]
[White "Koch, Elisabeth"]
[Black "Zeller, Elisa"]
[Result "0-1"]
[Termination "normal"]
[Board "4.5"]
[WhiteElo "1683"]
[BlackElo "1922"]
[WhiteClock "00:27:06"]
[BlackClock "00:26:41"]
[WhiteTeam "Berlin"]
[BlackTeam "Württemberg"]
[PlyCount "72"]
[WhiteFideId "24695068"]
[BlackFideId "24662410"]
[EventCountry "GER"]
[EventRounds "7"]
[EventType "team-swiss"]
[EventDate "2014.10.02"]

1. e4 {[%clk 1:30:58]} e6 {[%clk 1:30:58]} 2. d3 {[%clk 1:31:20]} d5 {[%clk
1:31:16]} 3. Nd2 {[%clk 1:31:46]} c5 {[%clk 1:30:05]} 4. g3 {[%clk 1:31:35]}
Nc6 {[%clk 1:29:28]} 5. Bg2 {[%clk 1:31:32]} Nge7 {[%clk 1:28:16]} 6. Ngf3
{[%clk 1:31:37]} g6 {[%clk 1:27:35]} 7. O-O {[%clk 1:31:39]} Bg7 {[%clk
1:28:00]} 8. Qe2 {[%clk 1:27:47]} O-O {[%clk 1:27:37]} 9. c3 {[%clk 1:27:36]}
b6 {[%clk 1:23:47]} 10. Nh4 {[%clk 1:18:45]} Ba6 {[%clk 1:22:07]} 11. f4 {[%clk
1:11:55]} dxe4 {[%clk 1:21:42]} 12. Bxe4 {[%clk 1:12:14]} Rc8 {[%clk 1:21:52]}
13. Nhf3 {[%clk 1:09:46]} Qd7 {[%clk 1:13:29]} 14. Nc4 {[%clk 1:05:56]} Rcd8
{[%clk 1:13:10]} 15. Be3 {[%clk 1:05:00]} Nd5 {[%clk 1:06:20]} 16. Rad1 {[%clk
1:02:16]} Qc7 {[%clk 1:01:39]} 17. Rfe1 {[%clk 0:58:53]} Nxe3 {[%clk 0:55:39]}
18. Qxe3 {[%clk 0:59:00]} Ne7 {[%clk 0:55:30]} 19. Ng5 {[%clk 0:56:28]} b5
{[%clk 0:49:49]} 20. Ne5 {[%clk 0:55:48]} Bxe5 {[%clk 0:47:10]} 21. fxe5 {[%clk
0:53:47]} Qxe5 {[%clk 0:46:55]} 22. Nxh7 {[%clk 0:52:50]} Kxh7 {[%clk 0:45:13]}
23. Bxg6+ {[%clk 0:46:45]} Nxg6 {[%clk 0:45:37]} 24. Qxe5 {[%clk 0:46:18]} Nxe5
{[%clk 0:46:00]} 25. Rxe5 {[%clk 0:46:46]} c4 {[%clk 0:43:29]} 26. d4 {[%clk
0:46:26]} Rd6 {[%clk 0:43:48]} 27. Rf1 {[%clk 0:46:18]} f6 {[%clk 0:43:43]} 28.
Re4 {[%clk 0:44:26]} Bb7 {[%clk 0:42:43]} 29. Ref4 {[%clk 0:44:21]} f5 {[%clk
0:42:56]} 30. Kf2 {[%clk 0:42:33]} Rg8 {[%clk 0:38:19]} 31. Ke3 {[%clk
0:40:41]} Rg6 {[%clk 0:36:13]} 32. R4f2 {[%clk 0:34:34]} Be4 {[%clk 0:29:58]}
33. Kf4 {[%clk 0:29:52]} e5+ {[%clk 0:26:11]} 34. Kxe5 {[%clk 0:27:57]} Rde6+
{[%clk 0:26:35]} 35. Kf4 {[%clk 0:27:03]} Rg4+ {[%clk 0:26:15]} 36. Ke3 {[%clk
0:27:06]} Bd3+ {[%clk 0:26:41]} 0-1

[Event "Deutsche Ländermeisterschaft 2014"]
[Site "Hannover GER"]
[Date "2014.10.06"]
[Round "6"]
[White "Weber, Sandra"]
[Black "Denkert, Anna"]
[Result "1-0"]
[Termination "normal"]
[Board "4.6"]
[WhiteElo "1800"]
[BlackElo "1712"]
[WhiteClock "00:20:00"]
[BlackClock "00:53:20"]
[WhiteTeam "Württemberg"]
[BlackTeam "Berlin"]
[PlyCount "61"]
[WhiteFideId "1270049"]
[BlackFideId "12938122"]
[EventCountry "GER"]
[EventRounds "7"]
[EventType "team-swiss"]
[EventDate "2014.10.02"]

1. e4 {[%clk 1:30:58]} c6 {[%clk 1:30:56]} 2. d4 {[%clk 1:31:20]} d5 {[%clk
1:31:20]} 3. Nc3 {[%clk 1:31:46]} dxe4 {[%clk 1:31:43]} 4. Nxe4 {[%clk
1:32:14]} Bf5 {[%clk 1:32:03]} 5. Ng3 {[%clk 1:32:36]} Bg6 {[%clk 1:32:31]} 6.
h4 {[%clk 1:32:57]} h6 {[%clk 1:33:00]} 7. Nf3 {[%clk 1:33:18]} Nd7 {[%clk
1:33:25]} 8. h5 {[%clk 1:33:34]} Bh7 {[%clk 1:33:52]} 9. Bd3 {[%clk 1:33:58]}
Bxd3 {[%clk 1:34:18]} 10. Qxd3 {[%clk 1:34:22]} e6 {[%clk 1:34:41]} 11. Bd2
{[%clk 1:34:09]} Ngf6 {[%clk 1:35:04]} 12. O-O-O {[%clk 1:32:30]} Be7 {[%clk
1:34:11]} 13. Qe2 {[%clk 1:28:36]} O-O {[%clk 1:31:44]} 14. Ne5 {[%clk
1:20:47]} Qc7 {[%clk 1:26:37]} 15. f4 {[%clk 1:14:33]} c5 {[%clk 1:23:28]} 16.
Nxd7 {[%clk 1:10:02]} Qxd7 {[%clk 1:22:55]} 17. Be3 {[%clk 1:03:47]} Qa4 {[%clk
1:20:16]} 18. Kb1 {[%clk 1:03:47]} Nd5 {[%clk 1:18:23]} 19. dxc5 {[%clk
0:46:50]} Nxf4 {[%clk 1:15:59]} 20. Qg4 {[%clk 0:44:38]} e5 {[%clk 1:13:34]}
21. Nf5 {[%clk 0:42:34]} Bf6 {[%clk 1:09:27]} 22. Nxh6+ {[%clk 0:40:58]} Kh8
{[%clk 1:09:47]} 23. Nf5 {[%clk 0:40:20]} Qb5 {[%clk 1:07:33]} 24. Nd6 {[%clk
0:37:03]} Qb4 {[%clk 1:03:52]} 25. a3 {[%clk 0:35:07]} Qa5 {[%clk 1:03:41]} 26.
Qf5 {[%clk 0:27:01]} Kg8 {[%clk 0:53:43]} 27. h6 {[%clk 0:22:21]} Ng6 {[%clk
0:53:48]} 28. hxg7 {[%clk 0:21:41]} Bxg7 {[%clk 0:53:33]} 29. Qh5 {[%clk
0:20:43]} Rfd8 {[%clk 0:52:56]} 30. Qh7+ {[%clk 0:19:58]} Kf8 {[%clk 0:53:20]}
31. Bh6 {[%clk 0:20:00]} 1-0

[Event "Deutsche Ländermeisterschaft 2014"]
[Site "Hannover GER"]
[Date "2014.10.06"]
[Round "6"]
[White "Dathe, Frederick"]
[Black "Schallner, Marc"]
[Result "0-1"]
[Termination "normal"]
[Board "4.7"]
[WhiteElo "1654"]
[BlackElo "1660"]
[WhiteClock "00:34:24"]
[BlackClock "00:26:14"]
[WhiteTeam "Berlin"]
[BlackTeam "Württemberg"]
[PlyCount "90"]
[WhiteFideId "12963070"]
[BlackFideId "12971243"]
[EventCountry "GER"]
[EventRounds "7"]
[EventType "team-swiss"]
[EventDate "2014.10.02"]

1. d4 {[%clk 1:31:19]} d5 {[%clk 1:31:14]} 2. c4 {[%clk 1:31:20]} c6 {[%clk
1:31:40]} 3. Nc3 {[%clk 1:29:59]} Nf6 {[%clk 1:32:05]} 4. Bf4 {[%clk 1:28:05]}
dxc4 {[%clk 1:29:18]} 5. a4 {[%clk 1:23:00]} Bf5 {[%clk 1:25:57]} 6. e3 {[%clk
1:19:14]} Qb6 {[%clk 1:21:31]} 7. Qd2 {[%clk 1:14:14]} e6 {[%clk 1:20:42]} 8.
Bxc4 {[%clk 1:11:08]} Ne4 {[%clk 1:18:12]} 9. Qc1 {[%clk 1:08:18]} Be7 {[%clk
1:09:14]} 10. Nf3 {[%clk 1:04:00]} Nd7 {[%clk 1:05:23]} 11. O-O {[%clk
1:00:24]} O-O {[%clk 1:04:16]} 12. h3 {[%clk 0:57:21]} Ndf6 {[%clk 1:01:01]}
13. Bh2 {[%clk 0:49:09]} Bd6 {[%clk 0:57:43]} 14. Bxd6 {[%clk 0:45:58]} Nxd6
{[%clk 0:58:04]} 15. Be2 {[%clk 0:45:35]} Qc7 {[%clk 0:48:42]} 16. Nh4 {[%clk
0:43:16]} Rad8 {[%clk 0:47:15]} 17. Nxf5 {[%clk 0:42:37]} Nxf5 {[%clk 0:46:16]}
18. Qc2 {[%clk 0:41:09]} Qe7 {[%clk 0:38:56]} 19. Rfd1 {[%clk 0:31:16]} Rd7
{[%clk 0:27:20]} 20. Ne4 {[%clk 0:29:23]} Nxe4 {[%clk 0:26:01]} 21. Qxe4 {[%clk
0:29:17]} Qg5 {[%clk 0:22:09]} 22. Qg4 {[%clk 0:26:29]} Qxg4 {[%clk 0:19:37]}
23. Bxg4 {[%clk 0:26:21]} Rfd8 {[%clk 0:19:13]} 24. Rac1 {[%clk 0:25:11]} Ne7
{[%clk 0:16:32]} 25. Bf3 {[%clk 0:22:22]} Nd5 {[%clk 0:15:23]} 26. Bxd5 {[%clk
0:21:41]} Rxd5 {[%clk 0:15:23]} 27. Re1 {[%clk 0:20:53]} g6 {[%clk 0:14:02]}
28. Rc2 {[%clk 0:20:02]} e5 {[%clk 0:11:47]} 29. dxe5 {[%clk 0:18:38]} Rxe5
{[%clk 0:11:39]} 30. Kf1 {[%clk 0:18:22]} Red5 {[%clk 0:11:31]} 31. Ke2 {[%clk
0:17:09]} Kg7 {[%clk 0:11:12]} 32. Rec1 {[%clk 0:15:58]} Kf6 {[%clk 0:10:21]}
33. g3 {[%clk 0:15:05]} Ke6 {[%clk 0:09:50]} 34. h4 {[%clk 0:14:05]} Rd3 {[%clk
0:08:12]} 35. Rb1 {[%clk 0:10:26]} R8d6 {[%clk 0:05:15]} 36. b3 {[%clk
0:09:54]} Kd7 {[%clk 0:04:16]} 37. Rbb2 {[%clk 0:10:06]} Rd1 {[%clk 0:02:22]}
38. Rd2 {[%clk 0:09:59]} R1xd2+ {[%clk 0:02:47]} 39. Rxd2 {[%clk 0:10:24]}
Rxd2+ {[%clk 0:03:15]} 40. Kxd2 {[%clk 0:10:44]} Kd6 {[%clk 0:02:09]} 41. Kd3
{[%clk 0:10:05]} Kd5 {[%clk 0:00:37]} 42. e4+ {[%clk 0:09:10]} Kc5 {[%clk
0:28:54]} 43. Kc3 {[%clk 0:39:08]} a5 {[%clk 0:28:46]} 44. f4 {[%clk 0:38:27]}
h5 {[%clk 0:28:00]} 45. e5 {[%clk 0:34:24]} b5 {[%clk 0:26:14]} 0-1

[Event "Deutsche Ländermeisterschaft 2014"]
[Site "Hannover GER"]
[Date "2014.10.06"]
[Round "6"]
[White "Höglauer, Jenny"]
[Black "Schnabel, Luise"]
[Result "0-1"]
[Termination "normal"]
[Board "4.8"]
[WhiteElo "1026"]
[BlackElo "1369"]
[WhiteClock "00:00:50"]
[BlackClock "00:39:29"]
[WhiteTeam "Württemberg"]
[BlackTeam "Berlin"]
[PlyCount "112"]
[WhiteFideId "12982598"]
[BlackFideId "12943347"]
[EventCountry "GER"]
[EventRounds "7"]
[EventType "team-swiss"]
[EventDate "2014.10.02"]

1. e4 {[%clk 1:30:58]} d6 {[%clk 1:30:48]} 2. d4 {[%clk 1:31:22]} Nf6 {[%clk
1:31:02]} 3. Nc3 {[%clk 1:31:40]} g6 {[%clk 1:31:15]} 4. Be3 {[%clk 1:31:37]}
Bg7 {[%clk 1:31:21]} 5. h3 {[%clk 1:30:16]} O-O {[%clk 1:31:14]} 6. Qd2 {[%clk
1:30:09]} e5 {[%clk 1:29:28]} 7. dxe5 {[%clk 1:15:23]} dxe5 {[%clk 1:29:37]} 8.
O-O-O {[%clk 1:13:44]} Qxd2+ {[%clk 1:27:13]} 9. Rxd2 {[%clk 1:13:47]} Nc6
{[%clk 1:27:10]} 10. Bc4 {[%clk 1:13:35]} Re8 {[%clk 1:25:33]} 11. Nf3 {[%clk
1:12:09]} a6 {[%clk 1:22:26]} 12. Ng5 {[%clk 1:07:18]} Be6 {[%clk 1:20:07]} 13.
Nxe6 {[%clk 1:00:03]} fxe6 {[%clk 1:20:24]} 14. a3 {[%clk 0:52:50]} b5 {[%clk
1:13:28]} 15. Ba2 {[%clk 0:47:59]} Kf7 {[%clk 1:11:58]} 16. g4 {[%clk 0:47:16]}
Rad8 {[%clk 0:58:05]} 17. Rhd1 {[%clk 0:39:17]} Rxd2 {[%clk 0:50:48]} 18. Rxd2
{[%clk 0:39:37]} Rd8 {[%clk 0:50:34]} 19. Rxd8 {[%clk 0:36:42]} Nxd8 {[%clk
0:48:41]} 20. f3 {[%clk 0:32:35]} Nc6 {[%clk 0:47:27]} 21. Ne2 {[%clk 0:31:17]}
Ke7 {[%clk 0:46:50]} 22. Bc5+ {[%clk 0:28:29]} Kd7 {[%clk 0:46:04]} 23. b4
{[%clk 0:25:04]} Bh6+ {[%clk 0:44:24]} 24. Kd1 {[%clk 0:24:46]} Ne8 {[%clk
0:43:46]} 25. c4 {[%clk 0:23:29]} Nd6 {[%clk 0:42:39]} 26. cxb5 {[%clk
0:22:10]} axb5 {[%clk 0:42:13]} 27. h4 {[%clk 0:21:16]} Nb7 {[%clk 0:39:56]}
28. Bf2 {[%clk 0:19:05]} Bg7 {[%clk 0:39:10]} 29. Nc3 {[%clk 0:18:16]} Nd6
{[%clk 0:37:49]} 30. Bg3 {[%clk 0:16:03]} Nd4 {[%clk 0:36:32]} 31. f4 {[%clk
0:14:56]} exf4 {[%clk 0:36:15]} 32. Bxf4 {[%clk 0:15:12]} Nf3 {[%clk 0:35:53]}
33. Bxd6 {[%clk 0:14:22]} Bxc3 {[%clk 0:34:00]} 34. Bg3 {[%clk 0:14:22]} Bb2
{[%clk 0:33:48]} 35. Ke2 {[%clk 0:04:44]} Nd4+ {[%clk 0:31:57]} 36. Kd3 {[%clk
0:04:49]} Nc6 {[%clk 0:31:54]} 37. Kc2 {[%clk 0:01:11]} Bxa3 {[%clk 0:32:06]}
38. Kb3 {[%clk 0:01:06]} Bxb4 {[%clk 0:32:20]} 39. Bb1 {[%clk 0:01:19]} Bd6
{[%clk 0:31:42]} 40. Bxd6 {[%clk 0:00:39]} cxd6 {[%clk 0:30:46]} 41. Bd3 {[%clk
0:30:13]} Na7 {[%clk 0:58:31]} 42. Kb4 {[%clk 0:30:01]} Kc6 {[%clk 0:58:46]}
43. Ka5 {[%clk 0:29:36]} Kc5 {[%clk 0:56:54]} 44. Ka6 {[%clk 0:29:40]} Kd4
{[%clk 0:56:23]} 45. Bb1 {[%clk 0:29:40]} Nc6 {[%clk 0:55:24]} 46. Kxb5 {[%clk
0:29:49]} Ne5 {[%clk 0:55:22]} 47. g5 {[%clk 0:28:48]} Nf3 {[%clk 0:55:12]} 48.
Kc6 {[%clk 0:15:48]} Ke5 {[%clk 0:49:43]} 49. Kd7 {[%clk 0:10:52]} Nxh4 {[%clk
0:47:06]} 50. Ba2 {[%clk 0:10:55]} Nf3 {[%clk 0:41:20]} 51. Bxe6 {[%clk
0:08:46]} Nxg5 {[%clk 0:41:06]} 52. Bd5 {[%clk 0:01:48]} h5 {[%clk 0:40:14]}
53. Bc4 {[%clk 0:00:56]} h4 {[%clk 0:39:58]} 54. Bf1 {[%clk 0:00:44]} h3 {[%clk
0:39:51]} 55. Ke7 {[%clk 0:00:31]} h2 {[%clk 0:39:47]} 56. Bg2 {[%clk 0:00:50]}
Nxe4 {[%clk 0:39:29]} 0-1

[Event "Deutsche Ländermeisterschaft 2014"]
[Site "Hannover GER"]
[Date "2014.10.06"]
[Round "6"]
[White "Möhn, Hans"]
[Black "Krause, Benedict"]
[Result "1-0"]
[Termination "normal"]
[Board "5.1"]
[WhiteElo "2270"]
[BlackElo "2339"]
[WhiteClock "00:18:20"]
[BlackClock "00:43:11"]
[WhiteTeam "Sachsen"]
[BlackTeam "Schleswig-Holstein"]
[PlyCount "95"]
[WhiteFideId "24647837"]
[BlackFideId "12917990"]
[EventCountry "GER"]
[EventRounds "7"]
[EventType "team-swiss"]
[EventDate "2014.10.02"]

1. Nf3 {[%clk 1:30:52]} Nf6 {[%clk 1:30:54]} 2. c4 {[%clk 1:31:16]} g6 {[%clk
1:31:20]} 3. Nc3 {[%clk 1:31:37]} d5 {[%clk 1:31:45]} 4. cxd5 {[%clk 1:31:46]}
Nxd5 {[%clk 1:32:09]} 5. Qa4+ {[%clk 1:32:07]} c6 {[%clk 1:32:34]} 6. Qd4
{[%clk 1:31:53]} f6 {[%clk 1:32:30]} 7. e4 {[%clk 1:31:55]} e5 {[%clk 1:32:44]}
8. Qd3 {[%clk 1:31:41]} Nb4 {[%clk 1:23:52]} 9. Qb1 {[%clk 1:31:04]} Be6 {[%clk
1:22:49]} 10. a3 {[%clk 1:30:32]} N4a6 {[%clk 1:23:13]} 11. b4 {[%clk 1:30:19]}
Be7 {[%clk 1:22:03]} 12. Be2 {[%clk 1:25:11]} O-O {[%clk 1:19:45]} 13. O-O
{[%clk 1:24:33]} c5 {[%clk 1:13:08]} 14. b5 {[%clk 1:23:29]} Nc7 {[%clk
1:13:21]} 15. d3 {[%clk 1:22:06]} Bf7 {[%clk 1:12:30]} 16. a4 {[%clk 1:13:26]}
a6 {[%clk 1:05:06]} 17. Nd2 {[%clk 0:56:15]} Ne6 {[%clk 1:00:48]} 18. Nc4
{[%clk 0:54:28]} Nd4 {[%clk 0:59:14]} 19. Bd1 {[%clk 0:54:21]} axb5 {[%clk
0:56:06]} 20. axb5 {[%clk 0:53:28]} Nd7 {[%clk 0:51:02]} 21. Rxa8 {[%clk
0:46:02]} Qxa8 {[%clk 0:51:24]} 22. Nd5 {[%clk 0:45:52]} Qd8 {[%clk 0:43:35]}
23. Bd2 {[%clk 0:33:19]} Bxd5 {[%clk 0:42:03]} 24. exd5 {[%clk 0:33:39]} f5
{[%clk 0:41:02]} 25. d6 {[%clk 0:26:44]} Bg5 {[%clk 0:40:17]} 26. Bc3 {[%clk
0:25:26]} Qf6 {[%clk 0:35:20]} 27. b6 {[%clk 0:18:51]} Qe6 {[%clk 0:22:25]} 28.
Re1 {[%clk 0:14:42]} Bf6 {[%clk 0:20:27]} 29. Ba4 {[%clk 0:09:29]} Rd8 {[%clk
0:16:53]} 30. Bxd4 {[%clk 0:06:35]} cxd4 {[%clk 0:17:19]} 31. Nxe5 {[%clk
0:03:58]} Qxd6 32. Qb3+ {[%clk 0:02:10]} Kg7 {[%clk 0:15:56]} 33. Nxd7 {[%clk
0:01:05]} Rxd7 {[%clk 0:16:16]} 34. Bxd7 {[%clk 0:01:31]} Qxd7 {[%clk 0:16:40]}
35. g3 {[%clk 0:00:47]} h5 {[%clk 0:16:40]} 36. Qc4 {[%clk 0:00:35]} Kh6 {[%clk
0:16:41]} 37. Re6 {[%clk 0:00:34]} Bd8 {[%clk 0:16:19]} 38. h4 {[%clk 0:00:46]}
f4 {[%clk 0:16:40]} 39. Kg2 {[%clk 0:00:33]} Qf7 {[%clk 0:16:38]} 40. Qd5
{[%clk 0:00:33]} f3+ {[%clk 0:15:42]} 41. Kh3 {[%clk 0:17:37]} Kh7 {[%clk
0:41:39]} 42. Rd6 {[%clk 0:16:14]} Qxd5 {[%clk 0:41:35]} 43. Rxd5 {[%clk
0:16:40]} Bxb6 {[%clk 0:41:58]} 44. Rb5 {[%clk 0:16:52]} Bd8 {[%clk 0:42:12]}
45. Rxb7+ {[%clk 0:17:18]} Kh6 {[%clk 0:42:35]} 46. Rf7 {[%clk 0:17:30]} g5
{[%clk 0:42:47]} 47. hxg5+ {[%clk 0:17:55]} Bxg5 {[%clk 0:43:11]} 48. Rxf3
{[%clk 0:18:20]} 1-0